| 000 | 00622nam a22001937a 4500 | ||
|---|---|---|---|
| 005 | 20251108164053.0 | ||
| 008 | 250721s2000 xx 000 0 ara d | ||
| 082 | 1 | 4 | _a364.36/رمض |
| 100 | 1 | _aرمضان، السيد | |
| 245 | 1 | 0 | _aالجريمة و الإنحراف ( رعاية الأحداث و المجرمين ) / |
| 264 | 1 |
_aالقاهرة : _bدار المعرفة الجامعية، _c2000. |
|
| 300 | _a473ص | ||
| 650 | 1 | 7 | _aالرعاية الإجتماعية |
| 650 | 1 | 7 | _aالمجرمون الأحداث |
| 650 | 1 | 7 | _aالإنحراف |
| 650 | 1 | 7 | _aالجريمة |
| 942 |
_2ddc _cBK |
||
| 999 |
_c2846 _d2846 |
||